[Event "Cheliabinsk Lozovatsky Memorial-A"]
[Site "Cheliabinsk"]
[Date "2023.02.03"]
[Round "8"]
[White "Gurvich, Vitaly"]
[Black "Gnechko, Ruslan"]
[Result "0-1"]
[WhiteElo "2278"]
[BlackElo "2075"]
[PlyCount "88"]
[EventDate "2023.01.27"]
[EventType "swiss"]
[EventRounds "10"]
[EventCountry "RUS"]
[SourceTitle "CBM 212 Extra"]
[Source "ChessBase"]
[SourceDate "2023.03.31"]
[SourceVersion "1"]
[SourceVersionDate "2023.03.31"]
[SourceQuality "1"]

1. d4 d5 2. c4 dxc4 3. Nf3 a6 4. a4 Nc6 5. g3 e6 6. Bg2 Bb4+ 7. Bd2 Rb8 8. 0-0 Bxd2 9. Qxd2 Nge7 10. Nc3 0-0 11. e4 Na5 12. Rad1 Nb3 13. Qe2 b5 14. h4 f6 15. Rfe1 c5 16. axb5 axb5 17. d5 exd5 18. exd5 Nf5 19. d6 Nfd4 20. Nxd4 Nxd4 21. Rxd4 cxd4 22. Nxb5 Kh8 23. Bc6 d3 24. Qe4 Qa5 25. Nc3 Qe5 26. Qxe5 fxe5 27. d7 Bxd7 28. Bxd7 Rxb2 29. Ba4 Rfxf2 30. Rxe5 Rg2+ 31. Kh1 g6 32. Re4 Rh2+ 33. Kg1 Rbg2+ 34. Kf1 Rxg3 35. Rxc4 Rgh3 36. Rd4 d2 37. Nd1 Rxh4 38. Rd8+ Kg7 39. Bc2 Rc4 40. Bb3 Re4 41. Kg1 Ree2 42. Bc4 Rh3 43. Kf1 Re1+ 44. Kg2 Rxd1 0-1

[Event "Cheliabinsk Lozovatsky Memorial-A"]
[Site "Cheliabinsk"]
[Date "2023.02.01"]
[Round "6"]
[White "Lysenko, Margarita"]
[Black "Gnechko, Ruslan"]
[Result "1-0"]
[WhiteElo "2228"]
[BlackElo "2075"]
[PlyCount "85"]
[EventDate "2023.01.27"]
[EventType "swiss"]
[EventRounds "10"]
[EventCountry "RUS"]
[SourceTitle "CBM 212 Extra"]
[Source "ChessBase"]
[SourceDate "2023.03.31"]
[SourceVersion "1"]
[SourceVersionDate "2023.03.31"]
[SourceQuality "1"]

1. d4 d5 2. c4 dxc4 3. Nf3 a6 4. e3 Nf6 5. Bxc4 e6 6. 0-0 b5 7. Bd3 Bb7 8. a4 b4 9. b3 c5 10. dxc5 Nbd7 11. c6 Bxc6 12. Qe2 Nc5 13. Bc2 Qc7 14. Bb2 Be7 15. Nbd2 Qb7 16. Rac1 0-0 17. Bd4 Rac8 18. Bxc5 Bxc5 19. Bd3 Rc7 20. Rxc5 Bxf3 21. Rxc7 Bxe2 22. Rxb7 Bxd3 23. Rc1 Nd5 24. Rc5 f5 25. Rd7 h6 26. f3 Be2 27. Kf2 Bd1 28. Ke1 Nxe3 29. Rcc7 Re8 30. Rxg7+ Kh8 31. Rge7 Rd8 32. Rxe6 f4 33. Rxh6+ Kg8 34. Rhh7 Bc2 35. Rcg7+ Kf8 36. Rh8+ Kxg7 37. Rxd8 Nxg2+ 38. Kf2 Ne3 39. Rd6 a5 40. Ra6 Nf5 41. Rxa5 Nd4 42. Ra7+ Kf6 43. Rb7 1-0

[Event "Titled Tuesday intern op 27th Dec Early"]
[Site "Chess.com INT"]
[Date "2022.12.27"]
[Round "3"]
[White "Andreassen, Lars"]
[Black "Gnechko, Ruslan"]
[Result "1/2-1/2"]
[WhiteElo "2168"]
[BlackElo "2075"]
[PlyCount "114"]
[EventDate "2022.12.27"]
[EventType "swiss (blitz)"]
[EventRounds "11"]
[EventCountry "USA"]
[SourceTitle "EXT 2024"]
[Source "ChessBase"]
[SourceDate "2023.10.10"]
[SourceVersion "1"]
[SourceVersionDate "2023.10.10"]
[SourceQuality "1"]

1. d4 Nf6 2. Nf3 e6 3. Bg5 c5 4. e3 b6 5. Bd3 Bb7 6. 0-0 Be7 7. Nbd2 0-0 8. c3 d6 9. Qe2 Nbd7 10. e4 cxd4 11. cxd4 a6 12. Rac1 b5 13. Rc2 Re8 14. Rfc1 Qa5 15. a3 Rac8 16. Rxc8 Rxc8 17. Rxc8+ Bxc8 18. e5 dxe5 19. dxe5 Nd5 20. Bxe7 Nxe7 21. Qe4 Nf8 22. h4 Qc7 23. h5 Bb7 24. Qf4 h6 25. Kh2 Qc1 26. Qh4 Nd5 27. Ne4 Qxb2 28. Nd6 Bc6 29. Nd4 Bd7 30. Qe4 Qxa3 31. Nxf7 Kxf7 32. Qf3+ Ke7 33. Qg3 Kd8 34. Qxg7 Qxd3 35. Qxf8+ Kc7 36. Qd6+ Kc8 37. Qxa6+ Kd8 38. Nxe6+ Bxe6 39. Qxe6 Ne7 40. Qxh6 Qd5 41. Qb6+ Ke8 42. f4 Qc6 43. Qb8+ Kf7 44. g4 Qc4 45. Kg3 Qd3+ 46. Kh4 Qf3 47. Qxb5 Qf2+ 48. Kh3 Qf3+ 49. Kh4 Qxf4 50. Qb3+ Kg7 51. Qe6 Qf7 52. Qxf7+ Kxf7 53. g5 Nc6 54. Kg4 Nxe5+ 55. Kf5 Nd7 56. h6 Nf8 57. h7 Ng6 1/2-1/2

[Event "Titled Tuesday intern op 20th Dec Early"]
[Site "Chess.com INT"]
[Date "2022.12.20"]
[Round "4"]
[White "Gnechko, Ruslan"]
[Black "Pappelis, Dimitrios"]
[Result "1-0"]
[WhiteElo "2075"]
[BlackElo "2204"]
[PlyCount "57"]
[EventDate "2022.12.20"]
[EventType "swiss (blitz)"]
[EventRounds "11"]
[EventCountry "USA"]
[SourceTitle "EXT 2024"]
[Source "ChessBase"]
[SourceDate "2023.10.10"]
[SourceVersion "1"]
[SourceVersionDate "2023.10.10"]
[SourceQuality "1"]

1. e4 c5 2. Nf3 Nc6 3. d4 cxd4 4. Nxd4 Nf6 5. Nc3 e6 6. Nxc6 bxc6 7. Bd3 e5 8. 0-0 Be7 9. f4 exf4 10. e5 Nd5 11. Nxd5 cxd5 12. Qh5 g6 13. Qh6 Qb6+ 14. Kh1 Ba6 15. Bxa6 Qxa6 16. Bxf4 Rc8 17. Qg7 Rf8 18. c3 h5 19. Bh6 Rb8 20. Rf6 Qe2 21. b3 Qxe5 22. Raf1 Qxc3 23. Rb6 Qc7 24. Re1 Kd8 25. Rxb8+ Qxb8 26. Qd4 Qb4 27. Qe5 Rg8 28. Bd2 Qxd2 29. Qb8# 1-0

[Event "Titled Tuesday intern op 20th Dec Early"]
[Site "Chess.com INT"]
[Date "2022.12.20"]
[Round "3"]
[White "Orzech, Dominik"]
[Black "Gnechko, Ruslan"]
[Result "0-1"]
[WhiteElo "2313"]
[BlackElo "2075"]
[PlyCount "48"]
[EventDate "2022.12.20"]
[EventType "swiss (blitz)"]
[EventRounds "11"]
[EventCountry "USA"]
[SourceTitle "EXT 2024"]
[Source "ChessBase"]
[SourceDate "2023.10.10"]
[SourceVersion "1"]
[SourceVersionDate "2023.10.10"]
[SourceQuality "1"]

1. d4 Nf6 2. Nf3 e6 3. c4 b6 4. g3 Ba6 5. Nbd2 Be7 6. Bg2 c6 7. e4 d5 8. e5 Nfd7 9. Qc2 0-0 10. h4 c5 11. Ng5 g6 12. cxd5 exd5 13. Bxd5 Nxe5 14. Bxa8 Nd3+ 15. Kd1 Nxf2+ 16. Ke1 Nd3+ 17. Kd1 Bxg5 18. hxg5 Nf2+ 19. Ke1 Nxh1 20. Bxh1 Qxd4 21. Ne4 Qg1+ 22. Kd2 Rd8+ 23. Kc3 Qd4+ 24. Kb3 Qb4# 0-1